Countries: After N Quiz Stats

Quiz Updated Apr 25, 2018

Challenge
Share
Tweet
Embed
Score 0/17 Timer 05:00
10 Plays Today
Letter after 'N' Country % Correct
INigeria, ...
96.6%
AVietnam, ...
96.6%
DIndia, ...
95.6%
EIndonesia, ...
93.4%
GTonga, ...
88.2%
-Iran, ...
87.7%
ONorway, ...
84.8%
YGermany, ...
73.6%
TArgentina, ...
72.2%
Letter after 'N' Country % Correct
CFrance, ...
71%
MDenmark, ...
70.3%
ZTanzania
56.2%
LFinland
53.8%
UVanuatu
35.1%
KSri Lanka
32.2%
RCentral African Republic, ...
30.8%
SLiechtenstein
17.8%

You're not logged in!

Compare scores with friends on all Sporcle quizzes.
Join for Free
OR
Log In

You Might Also Like...

Show Comments

Extras

Top Quizzes Today


Score Distribution

Your Account Isn't Verified!

In order to create a playlist on Sporcle, you need to verify the email address you used during registration. Go to your Sporcle Settings to finish the process.

Report this User

Report this user for behavior that violates our Community Guidelines.

Details: